00361nam a2200145Ia 45000030006000000080041000060400015000471000032000622450029000942500006001232600049001293000006001785460014001840050017001980STCL150530s9999 xx 000 0 und d aSTCLcSTCL aErumeli Parameswaran Pillai aMalayala Bhashadhyapanam a5 bVidhyarthi Mithram; Kottayamc1983aKottayam a0 aMalayalam20220125171730.0